EU enlargement and endogeneity of some OCA criteria evidence from the CEECs

Guardado en:
Detalles Bibliográficos
Autor principal: Babetskii, Ian
Formato: Libro
Lenguaje:inglés
Publicado: Praha Czech National Bank 2004
Colección:Working paper series 2
Materias:
Etiquetas: Agregar Etiqueta
Sin Etiquetas, Sea el primero en etiquetar este registro!

MARC

LEADER 00000nam$a2200000$$$4500
001 0020855
005 20240503084915.7
041 0 |a eng 
044 |a CZ 
245 1 0 |a EU enlargement and endogeneity of some OCA criteria  |b evidence from the CEECs  |c Ian Babetskii 
264 1 |a Praha  |b Czech National Bank  |c 2004 
300 |a 33 s. 
490 1 |a Working paper series  |v 2 
830 0 |a Working paper series  |v 2 
610 2 0 |a integrácia ekonomická medzinárodná 
610 2 0 |a obchod 
610 2 0 |a cykly obchodné 
610 2 0 |a mena 
610 2 0 |a zóny 
610 2 0 |a ukazovatele ekonomické 
610 2 0 |a modelovanie 
610 2 0 |a Európa 
610 2 0 |a Európska únia 
100 1 |a Babetskii, Ian